[Event "DVM U20w 2015"]
[Site "Osnabrück GER"]
[Date "2015.12.29"]
[Round "6"]
[White "Sauer, Annika"]
[Black "Jörs, Pia-Milena"]
[Result "0-1"]
[Termination "normal"]
[Board "6.3"]
[WhiteElo "1653"]
[BlackElo "1565"]
[WhiteTeam "Leegebrucher SF"]
[BlackTeam "SG Güstrow/Teterow"]
[PlyCount "110"]
[WhiteFideId "12952052"]
[BlackFideId "12964646"]
[EventCountry "GER"]
[EventRounds "7"]
[EventType "team-swiss"]
[EventDate "2015.12.26"]

1. d4 Nf6 2. Nf3 e6 3. e3 d5 4. Bd3 c5 5. b3 a6 6. Nbd2 b5 7. c4 bxc4 8. bxc4
cxd4 9. Nxd4 Bd7 10. cxd5 Nxd5 11. Be4 Nc3 12. Qf3 Nxe4 13. Qxe4 Ra7 14. O-O
Be7 15. Rb1 Qc7 16. Bb2 O-O 17. Rfc1 Qb7 18. Qf4 Qd5 19. Nc4 Rb7 20. Qg3 Qg5
21. Qxg5 Bxg5 22. Nf3 Be7 23. Be5 Rxb1 24. Rxb1 Nc6 25. Bd6 Bxd6 26. Nxd6 f6
27. h3 Rb8 28. Rb7 Rxb7 29. Nxb7 Nb4 30. Nc5 Bc8 31. a4 a5 32. Nd4 e5 33. Ndb3
Nc6 34. e4 Kf7 35. f3 Ke7 36. Kf2 Kd6 37. Ke3 Nb4 38. Kd2 Kc6 39. Kc3 Kb6 40.
Kc4 Nc2 41. g3 Bxh3 42. Kd3 Nb4+ 43. Ke2 Bc8 44. g4 Na6 45. Nxa6 Bxa6+ 46. Ke3
Bc4 47. Nd2 Kc5 48. Nxc4 Kxc4 49. f4 g5 50. f5 Kc3 51. Ke2 Kd4 52. Kd2 Kxe4 53.
Ke2 Kf4 54. Kf2 Kxg4 55. Kg2 h5 0-1

[Event "DVM U20w 2015"]
[Site "Osnabrück GER"]
[Date "2015.12.29"]
[Round "6"]
[White "Eulitz, Charlotte"]
[Black "Fischer, Trixy"]
[Result "1-0"]
[Termination "normal"]
[Board "6.4"]
[WhiteElo "1457"]
[BlackElo "651"]
[WhiteTeam "SG Güstrow/Teterow"]
[BlackTeam "Leegebrucher SF"]
[PlyCount "67"]
[WhiteFideId "12964654"]
[BlackFideId "16217462"]
[EventCountry "GER"]
[EventRounds "7"]
[EventType "team-swiss"]
[EventDate "2015.12.26"]

1. e4 e5 2. Nf3 Nc6 3. Bc4 Nf6 4. Ng5 d5 5. exd5 Nd4 6. O-O h6 7. c3 Bd6 8.
cxd4 hxg5 9. dxe5 Bxe5 10. Re1 Ng4 11. h3 Rh4 12. hxg4 Bxg4 13. Rxe5+ Kf8 14.
f3 Bh5 15. d4 g4 16. Bg5 Qd7 17. Be7+ Qxe7 18. Rxe7 Kxe7 19. Qe1+ Kd6 20. Qxh4
Rh8 21. fxg4 g6 22. Qf6+ Kd7 23. Qxh8 c6 24. gxh5 Kd6 25. dxc6 bxc6 26. hxg6
fxg6 27. Nc3 c5 28. Re1 cxd4 29. Qxd4+ Kc6 30. Qd5+ Kc7 31. Re6 a6 32. Qc6+ Kb8
33. Re7 g5 34. Re8+ 1-0